朝鲜半岛拓扑地图Topo-Map of Korea Peninsula - Statistics

General Stats
  • This quiz has been taken 39 times
  • The average score is 19 of 30
Answers on the Map
Answers color-coded by a green-red scale on the quiz's map according to % correct below.
 
Answer Stats
Answer % Correct
Shouertebieshi首尔特别市
94%
Jingjidao京畿道
84%
Pingrangshi平壤市
84%
Jizhoutebiezizhidao济州特别自治道
78%
Renchuanguangyushi仁川广域市
78%
Guangzhouguangyushi光州广域市
75%
Jiangyuandao江原道(韩国)
75%
Jiangyuandao江原道(朝鲜)
75%
Kaichengshi开城市
75%
Fushanguangyushi釜山广域市
72%
Qingshangnandao庆尚南道
69%
Quanluonandao全罗南道
69%
Weishanguangyushi蔚山广域市
69%
Qingshangbeidao庆尚北道
66%
Luoxianshi罗先市
63%
Shizongtebiezizhishi世宗特别自治市
63%
Quanluobeidao全罗北道
59%
Xianjingbeidao咸镜北道
59%
Xianjingnandao咸镜南道
59%
Zhongqingbeidao忠清北道
59%
Pinganbeidao平安北道
56%
Daqiuguangyushi大邱广域市
53%
Huanghainandao黄海南道
53%
Pingannandao平安南道
53%
Datianguangyushi大田广域市
50%
Cijiangdao慈江道
47%
Huanghaibeidao黄海北道
47%
Zhongqingnandao忠清南道
47%
Liangjiangdao两江道
38%
Nanpushi南浦市
34%
No matching quizzes found
Score Distribution
Percent of People with Each Score
Percentile by Number Answered
Your Score History
You have not taken this quiz